Paroles Naps "Faut que j'me taille" - Statistiques

Statistiques générales
  • Ce quiz a été pris 97 fois
    95 depuis la dernière actualisation
  • Le résultat moyen est 260 sur 447
Statistiques - réponses
Réponse % Correct
faut
98%
Il
98%
il
98%
que
98%
qué
98%
je
97%
Je
97%
me
97%
ta
97%
la
95%
La
95%
taille
93%
taille,
93%
en
92%
En
92%
le
90%
un
90%
de
88%
A
87%
à
87%
a
87%
Espagne.
87%
87%
semaine
85%
une
83%
des
80%
dès
80%
Des
80%
m'a
80%
les
78%
pas
78%
pas,
78%
petite.
75%
petite
75%
te
73%
au
72%
compte
72%
on
72%
On
72%
épargne.
68%
épargne
68%
quand
65%
Quand
65%
baise.
63%
base
63%
J'ai
62%
j'ai
62%
sur
62%
Tu
62%
tu
62%
bases
60%
Sous
60%
suis
58%
ce
57%
matelas
57%
d'or
55%
ami,
52%
moi
52%
tout
52%
départ.
50%
dis
50%
qui
50%
elle
48%
ça
47%
eu
47%
pété,
47%
pété
47%
regrette
47%
Mi
45%
part
45%
qu'un
45%
trop
45%
fait
43%
j'aime
43%
disque
42%
femmes.
42%
amour,
40%
devant
40%
DIeu
40%
fais
40%
merci
40%
pharmacie.
40%
sa
40%
seul
40%
as
38%
comprends
38%
encore.
38%
guettais
38%
l'ai
38%
mal
38%
m'arrive
38%
mon
38%
nuit,
38%
nuit
38%
plus
38%
t'en
38%
toi,
38%
toi
38%
Toi
38%
ton
38%
comme
37%
Comme
37%
pensais
37%
coeur,
35%
comptes
35%
mes
35%
passe
35%
six.
35%
sucer
35%
t'es
35%
y
35%
aux
33%
bord
33%
Calanques.
33%
Clio
33%
dans
33%
dors
33%
ne
33%
société,
33%
assise,
32%
clip
32%
perdu
32%
tsunami
32%
vers
32%
gare
30%
Maman,
30%
amor,
28%
cuillère,
28%
d'hab
28%
dh'ab
28%
galant,
28%
j'arrive
28%
miss
28%
qu'il
28%
sont
28%
amis ?
27%
fils
27%
fois
27%
frappe
27%
grandi.
27%
Ils
27%
joint
27%
porte.
27%
couilles.
25%
Et
25%
flash
25%
partie.
25%
rue,
25%
t'inquiète
25%
tous
25%
vie
25%
vois
25%
c'est
23%
Elvira
23%
gaffe
23%
langue.
23%
Lune
23%
maintenant
23%
peu
23%
vas
23%
vue
23%
BAC
22%
couz
22%
soirs
22%
t'emporte
22%
voiture,
22%
Assises,
20%
aujourd'hui,
20%
même
20%
mets
20%
nos
20%
portable ?
20%
quoi
20%
qu'une
20%
rami.
20%
tal
20%
vrai
20%
biftons
18%
défoncé,
18%
est
18%
galoches,
18%
gros,
18%
rester
18%
toujours
18%
voyaient
18%
Bandit,
17%
bats
17%
chacun
17%
chacune.
17%
cherche
17%
hola
17%
rôde
17%
thune.
17%
tours
17%
triché
17%
jetée,
15%
parties
15%
pétard.
15%
qu'hier
15%
sortir
15%
déter,
13%
deuxième
13%
faire
13%
l'andouille
13%
mêmes
13%
perds,
13%
t'as
13%
vais
13%
album,
12%
j'effrite
12%
liquide.
12%
pur,
12%
Attends
10%
Charbonne
10%
l'aimes
10%
préfère
10%
dois
8%
feat,
8%
zyeuté.
5%
Aucun quiz correspondant
Distribution des résultats
% des personnes avec chaque résultat
Percentile par nombre de réponses
Votre historique - résultats
Vous n’avez pas pris ce quiz depuis la dernière actualisation